000 00956nam a2200349 a 4500
003 AR-BaBNM
005 20251128203045.0
008 082120s2002 ||||||||||||||000 | spa||
040 _cAR-BaBNM
100 1 _aFurth, Hans G.
245 0 0 _aLa teoría de Piaget en la práctica
260 _aBuenos Aires
_bKapelusz
_c1978
300 _a285 p.
_bil.
490 0 _aBiblioteca de cultura pedagógica
600 1 4 _aPiaget, Jean
650 4 _aPENSAMIENTO CREADOR
650 4 _aPSICOLOGIA DEL NIÑO
650 4 _aPENSAMIENTO LOGICO
650 4 _aPROCESO DEL PENSAMIENTO
650 4 _aAPRENDIZAJE
650 4 _aPSICOLOGIA GENETICA
650 4 _aNIÑOS
650 4 _aDESARROLLO DE LA PERSONALIDAD
650 4 _aPSICOLOGIA DE LA EDUCACION
650 4 _aJUEGOS EDUCATIVOS
650 4 _aMETODOS
650 4 _aGRUPOS DE JUEGO
700 1 _aWachs, Harry
700 1 _aPascual Robles, Isabel S.
_etraductor
942 _cBK
998 _cEnrique
999 _c1692
_d1692